Southville International School and Colleges
Your cart is empty.
  • Cart
  • Lists
    Public lists Eva Luna New books Lux_list list_1
    Your lists Log in to create your own lists
  • Log in to your account
  • Your cookies
  • Search history
Southville International School and Colleges
  • Advanced search
  • Recent comments
  • Most popular
  • Libraries

Log in to your account

Log in with GOOGLE


If you do not have an external account, but do have a local account, you can still log in:

  1. Home
  2. MARC view: The free frenchman
Normal view MARC view ISBD view

The free frenchman (Record no. 1209)

[ view plain ]
MARC details
000 -LEADER
fixed length control field 00520nam a22002057a 4500
003 - CONTROL NUMBER IDENTIFIER
control field PILC
005 - DATE AND TIME OF LATEST TRANSACTION
control field 20160217145728.0
008 - FIXED-LENGTH DATA ELEMENTS--GENERAL INFORMATION
fixed length control field 121119t xxu||||| |||| 00| 0 eng d
020 ## - INTERNATIONAL STANDARD BOOK NUMBER
International Standard Book Number 0394558871
050 ## - LIBRARY OF CONGRESS CALL NUMBER
Classification number PR 6068
Item number .R282 1986
082 ## - DEWEY DECIMAL CLASSIFICATION NUMBER
Classification number FIC
Item number R22f 1986
100 ## - MAIN ENTRY--PERSONAL NAME
Personal name Read, Piers Paul
9 (RLIN) 20828
245 ## - TITLE STATEMENT
Title The free frenchman
Statement of responsibility, etc Piers Paul Read
260 ## - PUBLICATION, DISTRIBUTION, ETC. (IMPRINT)
Place of publication, distribution, etc New York :
Name of publisher, distributor, etc Random House Inc.,
Date of publication, distribution, etc 1986.
300 ## - PHYSICAL DESCRIPTION
Extent 584 p. :
Dimensions 24 cm.
562 ## - COPY AND VERSION IDENTIFICATION NOTE
Number of copies 1
650 ## - SUBJECT ADDED ENTRY--TOPICAL TERM
Topical term or geographic name as entry element Fiction.
9 (RLIN) 746
942 ## - ADDED ENTRY ELEMENTS (KOHA)
Source of classification or shelving scheme Library of Congress Classification
Koha item type Books
Holdings
Withdrawn status Lost status Source of classification or shelving scheme Damaged status Home library Current library Shelving location Date acquired Total Checkouts Full call number Barcode Date last seen Copy number Price effective from Koha item type
    Library of Congress Classification   Luxembourg Library Luxembourg Library Fiction Section 11/19/2012   PR 6068 .R282 1986 2616 08/13/2013 1 10/03/2013 Books

The free frenchman

APA

Read P. P., . (1986). The free frenchman. New York: Random House Inc.

Chicago

Read Piers Paul, . 1986. The free frenchman. New York: Random House Inc.

Harvard

Read P. P., . (1986). The free frenchman. New York: Random House Inc.

MLA

Read Piers Paul, . The free frenchman. New York: Random House Inc. 1986.

  • Place hold
  • Print
  • Cite
  • Add to your cart (remove)
  • Save record
    BIBTEX Dublin Core MARCXML MARC (non-Unicode/MARC-8) MARC (Unicode/UTF-8) MARC (Unicode/UTF-8, Standard) MODS (XML) RIS
  • More searches
    Search for this title in:
    Other Libraries (WorldCat) Other Databases (Google Scholar) Online Stores (Bookfinder.com) Open Library (openlibrary.org)

Exporting to Dublin Core...

SOUTHVILLE LIBRARY

Southville International School and Colleges Library

1281 Tropical Ave. Cor. Luxembourg St., BF Homes International, Las Pinas City

Tel. No. 8256374 / 252358 Loc. 117/146

Powered by Koha